| 000 | 00659nam a2200241 a 4500 | ||
|---|---|---|---|
| 001 | 0001-0992 | ||
| 003 | ELIB.Books | ||
| 008 | 141014 2010 eng | ||
| 020 | _a0060626844 | ||
| 035 | _a(ELIB.Books)0001-1146 | ||
| 092 |
_a241 _bFor |
||
| 100 | _aFortune, Marie M. | ||
| 245 |
_aIs Nothing Sacred? _bWhen Sex Invades The Pastoral Relationship |
||
| 260 |
_aSanFrancisco _bHarper Collins Publishers _c1989 |
||
| 300 |
_a169 _c20.3 Cm |
||
| 500 | _aDr. Yahalaylayla | ||
| 650 | _aChristian Ethics | ||
| 856 |
_nKBTS; Library _uKBTS; Elib. |
||
| 942 |
_2ddc _cBK |
||
| 990 | _a1 | ||
| 998 |
_cbat _e2014-10-14 |
||
| 999 |
_c10992 _d10992 |
||